Steven Bochco Shows Quiz Stats

Quiz Updated Oct 19, 2016

Challenge
Share
Tweet
Embed
Score 0/18 Timer 06:00
0 Plays Today
Year % Correct
1993-2005NYPD Blue
84.8%
1989-1993Doogie Howser, M.D.
83.3%
1986-1994L.A. Law
78.7%
1982-1987Hill Street Blues
69.2%
2005-2006Commander in Chief
17.8%
2008-2009Raising the Bar
10%
1995-1997Murder One
6.8%
2001-2002Philly
5.9%
2005Blind Justice
4%
Year % Correct
1983Bay City Blues
3.9%
1997Brooklyn South
3.2%
2005Over There
2.9%
2000City of Angels
2.9%
1991Civil Wars
2.9%
1978Richie Brockelman, Private Eye
2.3%
1979Paris
2.3%
1996Public Morals
2.2%
1997Total Security
1.7%

You're not logged in!

Compare scores with friends on all Sporcle quizzes.
Sign Up with Email
OR
Log In

You Might Also Like...

Show Comments

Extras

Top Quizzes Today


Score Distribution

Your Account Isn't Verified!

In order to create a playlist on Sporcle, you need to verify the email address you used during registration. Go to your Sporcle Settings to finish the process.